000 02355nam a22004337a 4500
999 _c2151
_d2151
003 AR-CdUCM
008 190304b ||||| |||| 00| 0 spa d
020 _a978-9972-623-63-9
040 _aMUNICIPALIDAD PROVINCIAL DEL CUSCO
_cBIBLIOTECA MUNICIPAL DEL CUSCO
082 _a305.800985 /
_bR35
110 _aInstituto Francés de Estudios Andinos
_97750
245 _aEl regreso de lo indígena :
_bretos, problemas y perspectivas /
_cValérie Robin Azevedo; Carmen Salazar Soler.
260 _aLima :
_bInstituto Francés de Estudios Andinos :
_b Centro de Estudios Regionales Andinos Bartolomé de Las Casas :
_bMondes Américains Societés, Circulations, Pouvoirs XVe-XXIe siécle :
_bLISST, Centre d'Anthropologie Sociale :
_bCooperación Regional para los Países Andinos, Embajada de Francia en el Perú,
_c2009.
300 _a292 páginas ;
_bCuadros ;
_c23.5 cm.
440 _aActes y Mémoires
_n : 26.
_97751
440 _aEstudios y Debates Regionales Andinos
_n : 3109.
_97752
505 _aContenido : Parte I: ¿Circunscribir el problema? Sobre unas cuantas dificultades teóricas -- Parte II: Etnicización de la vida política -- Parte III: Conflictos socioambientales y procesos de etnogénesis -- Parte IV: Reinvención de la tradición prehispánica y apropiación de lo indígena ...
650 _aEtnicidad - Perú - Ensayos - Conferencias
_97753
650 _aIndigenismo - Ensayos
_97754
650 _aCondiciones sociales - Indígenas
_97755
650 _aRelaciones raciales - Perú
_97756
700 _aRobin Azevedo, Valérie (Editora)
_97757
700 _aSalazar-Soler, Carmen (Editora)
_97758
700 _aFavre, Henri
_97759
700 _aLavaud, Jean-Pierre
_97760
700 _aLestage, Francois
_97761
700 _aGamarra Carrillo, Jefrey
_97762
700 _aAlvizuri, Verushk
_97763
700 _aHerrera Sarmiento, Enrique
_97764
700 _aGalinier, Jacques
_97765
700 _aMolinié, Antoinette
_97766
700 _aItier, César
_97767
710 _aCentro de Estudios Regionales Andinos Bartolomé de Las Casas
_97768
710 _aMondes Américains Societés, Circulations, Pouvoirs XVe-XXIe siécle
_97769
710 _aLISST, Centre d'Anthropologie Sociale
_97770
710 _aLISST, Centre d'Anthropologie Sociale
_97770
942 _2ddc
_cLIBROS
945 _alccs
_d2019-03-04